| 000 | 00000nam##2200000za#4500 |
| 001 | 9.603024 |
| 003 | CaOODSP |
| 005 | 20210624210849 |
| 007 | cr ||||||||||| |
| 008 | 150406|2001||||xxc|||||o f|0| 0 fre|d |
| 040 | |aCaOODSP|bfre |
| 043 | |an-cn--- |
| 086 | 1 |aH113-6/2001-3F-PDF |
| 110 | 1 |aCanada.|bSanté Canada. |bAgence de réglementation de la lutte antiparasitaire. |
| 245 | 10|aPrimisulfuron-méthyl |h[ressource électronique] |
| 260 | |aOttawa - Ontario : |bSanté Canada. |cLe 17 août 2001. |
| 300 | |a6p.|bglossaire |
| 490 | 1 |aDécision réglementaire |vRDD 2001-03 |
| 500 | |a«Le présent document décrit l'étape du processus de prise de décisions réglementaires de l'Agence de réglementation de la lutte antiparasitaire (ARLA), concernant l'utilisation du primisulfuron-méthyl (Beacon 75 WG) pour lutter contre le chiendent et certaines dicotylédones dans les cultures de maïs.»--Page de titre. |
| 520 | 3 |aLe présent document décrit l'étape du processus de prise de décisions réglementaires de l'Agence de réglementation de la lutte antiparasitaire (ARLA), concernant l'utilisation du primisulfuron-méthyl (Beacon 75 WG) pour lutter contre le chiendent et certaines dicotylédones dans les cultures de maïs.--Page de titre |
| 590 | |a12-08-Supp|b2012-03-16 |
| 691 | 07|aHerbicide|2gcpds |
| 691 | 07|aPlante nuisible|2gcpds |
| 775 | 08|tPrimisulfuron-methyl |w(CaOODSP)9.572695 |
| 776 | 0#|tPrimisulfuron-méthyl |w(CaOODSP)9.625795 |
| 830 | #0|aDécision réglementaire ;|vRDD 2001-03|w(CaOODSP)9.500879 |
| 856 | 40|ahttp://publications.gc.ca|qPDF|s123 Ko|uhttps://publications.gc.ca/collections/Collection/H113-6-2001-3F.pdf|yRDD 2001-03 |